Statistics for Commanders of Famous Battles #2

Click here to take the quiz!

General Stats

  • This quiz has been taken 312 times
  • The average score is 9 of 32

Answer Stats

HintAnswer% Correct
D-DayDwight Eisenhower
84%
AusterlitzNapoleon Bonaparte
75%
AntietamRobert E. Lee
72%
YorktownGeorge Washington
65%
Leonidas
65%
ThermopylaeXerxes I
56%
AtlantaWilliam T. Sherman
50%
ZamaHannibal
49%
Lord Cornwallis
48%
StalingradFriedrich Paulus
46%
Scipio Africanus
45%
Czar Alexander I
29%
Quebec (1759)James Wolfe
28%
BlenheimDuke of Marlborough
21%
George McClellan
20%
Sedan (1870)Helmuth von Moltke
18%
Louis de Montcalm
17%
Vienna (1683)Jan Sobieski
15%
TsushimaTojo Heihachiro
15%
Prince Rupert
14%
NasebyThomas Fairfax
14%
Gerd von Rundstedt
13%
Fort SumterP. G. T. Beauregard
13%
Vasily Chuikov
13%
John Bell Hood
10%
Huai-HaiMao Zedong
8%
Patrice de MacMahon
8%
Robert Anderson
7%
Chiang Kai-Shek
6%
Mustafa Pasha
6%
Marshall Tallard
4%
Zinovy Rozhestvensky
2%

Score Distribution

Percentile by Number Answered

Percent of People with Each Score

Your Score History

You have not taken this quiz